000 00868nmm a2200277 a 4500
001 ocm000588547
003 TR-IsHL
005 20201028122529.0
008 131028s2011 tu tur
007 cr cn
020 _a9789758312559
035 _a588547
_b(N$T)
050 0 4 _aBP135.8.T87
_bD56 2011
090 0 4 _aBP135.8.T87
_bD56 2011
100 1 _aDinç, Nilüfer
245 1 0 _aHz. Hızır kimdir?
_h[electronic resource] /
_cNilüfer Dinç
250 _a2. bs.
260 _aİstanbul :
_bSınırötesi Yayınları,
_c2011
300 _a184 p.
650 4 _aFelsefe, Psikoloji ve Din
650 4 _aPhilosophy, Psychology and Religion
650 0 _aHz. Hızır
650 0 _aDin büyükleri
650 7 _aRELIGION / Islam / General
_2bisacsh
856 4 0 _uhttp://search.ebscohost.com/login.aspx?direct=true&scope=site&db=e011xww&AN=588547
999 _c1919
_d1919